00760nam a2200193 a 450000100100000000500170001000800410002704000250006808200140009324501040010726000500021130000210026170000400028270000380032270000410036070000360040195201120043799900170054900003624320200930075630.0120111s1989 cu 000 0 spa d aDO-SdBNPbspacBNPHU axxxbM29400aManual de psiquiatria :bPara el médico de la familia /cAlberto Clavijo Portieles ... [et. al.]. aLa Habana, Cuba :bCiencias Médicas,c1989. a179 p. ;c23 cm.1 aRodríguez Sánchez, Jorge9623271 aAlonso Betancourt, Orlando9623281 aDelgado Rodríguez, Lázaro9623291 aAlonso García, Orlando962330 001050718MOaGRbGRcCTd2012-01-11iLF1l0oxxx M294p36243-10r2020-06-25w2020-06-25y1ZNo se presta c35734d35734